[Event "Schleswig Holstein-ch Veterans 60th"]
[Site "Germany"]
[Date "2005.10.11"]
[Round "2"]
[White "Piccenini, Otto"]
[Black "Ehlert, Axel"]
[Result "1-0"]
[WhiteElo "1517"]
[BlackElo "1597"]
[PlyCount "97"]
[EventDate "2005.10.10"]
[EventType "swiss"]
[EventRounds "9"]
[EventCountry "GER"]
[SourceTitle "EXT 2010"]
[Source "ChessBase"]
[SourceDate "2010.11.25"]
[SourceVersion "1"]
[SourceVersionDate "2010.11.25"]
[SourceQuality "1"]

1. d4 Nf6 2. c4 c6 3. Nc3 d6 4. e4 Qa5 5. Bd2 Qb6 6. Nf3 Bg4 7. d5 Nbd7 8. Be2 Nc5 9. Qc2 e5 10. 0-0 Be7 11. Be3 0-0 12. Rab1 a5 13. Na4 Qb4 14. Nxc5 dxc5 15. Nxe5 Bxe2 16. Qxe2 Nxe4 17. dxc6 bxc6 18. Nxc6 Qb7 19. Nxe7+ Qxe7 20. Bxc5 Qxc5 21. Qxe4 Rfe8 22. Qc2 Rac8 23. b3 g6 24. Rbd1 Re5 25. Qd2 Rce8 26. Rfe1 Qa3 27. Rxe5 Rxe5 28. Qd8+ Kg7 29. Qd4 f6 30. Qd2 g5 31. h3 h5 32. f4 gxf4 33. Qxf4 Qxa2 34. Rf1 Re6 35. Qg3+ Kf7 36. Rd1 Qe2 37. Rd7+ Re7 38. Rxe7+ Qxe7 39. Qd3 Kg7 40. Qf3 Qe1+ 41. Kh2 Qe5+ 42. Qg3+ Kf7 43. Qxe5 fxe5 44. Kg3 Ke6 45. Kf3 Kf5 46. g4+ hxg4+ 47. hxg4+ Kf6 48. Ke4 Ke6 49. g5 1-0